Homo faber
محفوظ في:
| المؤلف الرئيسي: | |
|---|---|
| التنسيق: | كتاب |
| اللغة: | Undetermined |
| منشور في: |
Barcelona, España
Editorial Seix Barral
1972
|
| الموضوعات: | |
| الوسوم: |
إضافة وسم
لا توجد وسوم, كن أول من يضع وسما على هذه التسجيلة!
|
MARC
| LEADER | 00000nam a2200000Ia 4500 | ||
|---|---|---|---|
| 008 | 170316s9999 xx 000 0 und d | ||
| 040 | |a cru BVZT | ||
| 090 | |a 830 F-3h | ||
| 100 | |a Frisch, Max | ||
| 245 | |a Homo faber | ||
| 260 | |a Barcelona, España | ||
| 260 | |b Editorial Seix Barral | ||
| 260 | |c 1972 | ||
| 300 | |a 195 páginas | ||
| 650 | |a LITERATURA ALEMANA | ||
| 650 | |a TRAGEDIA | ||
| 999 | |c 7311 |d 7311 | ||
| 942 | |c 15 D |h 830 F-3h |2 z | ||
